000 00423nam a2200157Ia 4500
003 OSt
005 20230526105255.0
008 211028s2017 xx 000 0 und d
040 _cAIMIT LIBRARY
041 _aeng
100 _aPereira, Jasleen Pramitha; Kumar, Rakesh.
_98696
_e151913
110 _aRakesh Kumar
_98697
245 _aCapitanio student management system.
260 _aMangalore
_c2017
942 _2ddc
_cPRO
999 _c220017
_d220017